• 首页
  • 本馆介绍
  • 公告通知
  • 最新文献
  • 馆藏检索
  • 电子资源
  • 读者导购
  • 参考咨询
  • 我的图书馆
  • 登录
  • 详细信息显示
  • 放入我的书架
  • 预约/预借图书
  • 作者相关作品
  • 分类相关作品
  • 丛书相关作品
  • 出版社相关作品

书目信息

  • 表格格式
  • 工作单格式
  • 卡片格式
题名:
化学统计学
    
 
作者: 罗旭 主编
分册:  
出版信息: 北京   科学出版社  2001
页数: 479页
开本: 24cm
丛书名:
单 册:
中图分类: O6-04
科图分类:
主题词: 化学--统计学 , 化学 , 统计学
电子资源:
ISBN: 7-03-009139-6
000 00970nam0 2200277 450
000 00976nam0 2200277 450
000 00908nam0 2200253 450
000 00871nam0 2200241 45
005 20070528083102.03
010    @a7-03-009139-6@b精装@dCNY50.00
100    @a20070419d2001 em y0chiy0120 ea
101 0  @achi
102    @aCN@b110000
105    @ay z 000yy
200 1  @a化学统计学@AHua Xue Tong Ji Xue@f罗旭主编@FLuo Xu Zhu Bian
210    @a北京@c科学出版社@d2001
215    @a479页@d24cm
304    @a罗旭(1924~),生于天津,沈阳药科大学教授、博士生导师,兼任辽宁省药学会药检分科学会名誉主任,主编有《化学统计学》。
330    @a本书重视统计学基本原理和基本知识的系统阐述,并给出足够的实例,同时分章论述蒙特卡罗方法、模式识别和人工智能这几个现代统计学概念及其应用。
606 0  @a化学@x统计学
606 0  @a化学
606 0  @a统计学
690    @aO6-04@v4
701  0 @a罗旭@ALuo Xu@4主编
801  0 @aCN@bTAOJIN@c20070528
905    @a10447@dO6-04@e379
    
    化学统计学/罗旭主编.-北京:科学出版社,2001
    479页;24cm
    
    
    ISBN 7-03-009139-6(精装):CNY50.00
    本书重视统计学基本原理和基本知识的系统阐述,并给出足够的实例,同时分章论述蒙特卡罗方法、模式识别和人工智能这几个现代统计学概念及其应用。
●
相关链接 在E读中查询图书 在五车中查询图书 在当当中查询图书 在豆瓣中查询图书


正题名:化学统计学     索取号:O6-04/379         预约/预借

序号 登录号 条形码 馆藏地/架位号 状态 备注
1 0523106   205231060   第二样本阅览室/ [索取号:O6-04/379] 在馆    
2 0523107   205231079   第三借阅区/ [索取号:O6-04/379] 在馆    
唐山师范学院图书馆 欢迎您!
大连网信软件有限公司© 版权所有